| 000 | 01374nam0a2200349 4500 | ||
|---|---|---|---|
| 001 | RU\NLR\BIBL_A\022676269 | ||
| 005 | 20260303135555.0 | ||
| 010 |
_a978-5-04-223179-7 _92000 |
||
| 021 |
_aRU _bКН-П-25-063927 _9КН-П-25-6193 |
||
| 035 | _a(NLR Aleph) 022676269 | ||
| 090 |
_a13555856 _c13555856 |
||
| 100 | _a20251201d2025 u y0rusy50 ca | ||
| 101 | 0 | _arus | |
| 102 | _aRU | ||
| 105 | _ay z 000ay | ||
| 181 | 0 |
_ai4 _baxxe |
|
| 182 | 0 | _an | |
| 200 | 1 |
_aЖуткие рассказы _fГригорий Брейтман |
|
| 203 |
_aТекст _bвизуальный _cнепосредственный |
||
| 210 |
_aМосква _cЭксмо _d2025 |
||
| 215 |
_a250, [2] с. _d21 |
||
| 225 | 1 | _aВсемирная литература | |
| 225 | 1 | _aВсемирная литература (с картинкой) | |
| 327 | 0 | _aСодерж.: Череп; Спасение; Беглецы; Елка для мертвых; Дети в гостях у палача; Мой час; Совесть сторожа Варфоломея; Пропавший труп; Убийца; Казнь [и др.] | |
| 333 | _a16+ | ||
| 686 | 2 | _aШ6(2=Р)6-4 | |
| 700 | 1 |
_aБрейтман _bГ. Н. _f1873-1949 _gГригорий Наумович |
|
| 942 | _cBOOK | ||
| 980 | _aNB | ||